Úpravy trénovacieho postupu MASPER pre HMM modely

Salvato in:
Dettagli Bibliografici
Autore principale: Čerešňa, Michal (Autore)
Altri autori: Kačur, Juraj, 1976- (Relatore della tesi)
Natura: Manoscritto Libro
Lingua:slovacco
Pubblicazione: Bratislava : STU v Bratislave FEI, 2007
Soggetti:
Tags: Aggiungi Tag
Nessun Tag, puoi essere il primo ad aggiungerne!!

MARC

LEADER 00000ntm a22000003a 4500
001 stu145119
005 20160719165042.1
008 070910s2007------------------------slo-d
040 |a STU  |b slo 
041 0 |a slo 
100 1 |a Čerešňa, Michal  |4 aut 
245 1 |a Úpravy trénovacieho postupu MASPER pre HMM modely 
260 |a Bratislava :  |b STU v Bratislave FEI,  |c 2007 
300 |a 78 s 
650 7 |a Telekomunikácie  |2 stusub 
650 7 |a trénovací postup MASPER  |2 stusub 
650 7 |a HMM modely  |2 stusub 
700 1 |a Kačur, Juraj,  |d 1976-  |4 ths  |u E070  |U FEI Fakulta elektrotechniky a informatiky  |T FEI Ústav telekomunikácií  |X 1861  |U E070  |Y 818  |7 A000001861